Billy Joel Lyrics Quiz (Part 66) - Statistics

General Stats
  • This quiz has been taken 43 times
    35 since last reset
  • The average score is 38 of 72
Answer Stats
Answer % Correct
a
100%
a
100%
a
100%
a
100%
a
100%
the
90%
the
90%
In
83%
and
79%
we
76%
we
76%
it
72%
it
72%
say
69%
love
66%
On
66%
on
66%
there
66%
They
66%
they
66%
to
66%
to
66%
have
62%
if
62%
of
62%
We're
62%
We're
62%
know
59%
But
55%
could
52%
every
52%
gonna
52%
gonna
52%
heart
52%
takes
52%
was
52%
Well,
52%
Oh
48%
oh
48%
into
45%
keep
45%
lot
45%
lot
45%
alive
38%
Before
38%
Fifty
38%
Fifty
38%
Fifty
38%
Second
38%
Second
38%
second
38%
Second
38%
Street
38%
Street
38%
Street
38%
beat
34%
little
34%
played
34%
bar
31%
different
31%
'em
31%
generate
31%
heat
31%
overdrive
31%
parade
31%
rhythm
31%
shift
31%
short
31%
soul
31%
sweet
31%
slip
28%
pumps
24%
No matching quizzes found
Score Distribution
Percent of People with Each Score
Percentile by Number Answered
Your Score History
You have not taken this quiz since the last reset